| 000 | 00710nam a2200217 a 4500 | ||
|---|---|---|---|
| 001 | 000909371 | ||
| 003 | AM-YeHGA | ||
| 005 | 20250617163050.0 | ||
| 008 | 120815s1959 ru r 000 0 rus d | ||
| 040 | _aAM-YeHGA | ||
| 041 | 0 | _arus | |
| 100 | 1 | _aЗаливский, Ипполит Леопольдович | |
| 245 | 1 | 0 |
_aГеоргины / _cИ.Л. Заливский; Ред. Е.Ю. Брожейт. |
| 250 | _a3-е изд. | ||
| 260 |
_aМ.; _aЛ. : _bСельхозгиз, _c1959. |
||
| 300 |
_a146 с. : _bцв. рис. ; _c19 см. |
||
| 650 | 1 | 4 | _aДекоративное садоводство |
| 650 | 1 | 4 | _aГеоргины |
| 700 | 1 |
_aБрожейт, Е.Ю. _eред. _4edt |
|
| 090 | _c503901 | ||
| 999 |
_c500489 _d500489 |
||